00465nam a2200193 a 4500001001300000003000900013005001700022008004100039020001000080082001600090100001600106245002300122260002900145300000900174500003500183505001000218650002700228700001600255nice12345678IN_TiNIC20260116013050.0050524s1953 lona grp 000 0 eng  ac10000a231.76bOLD aOldham, J H aLife Is Commitment aLondonbScm Press c1953 a140p aincludes index and biblioraphy2 aIndex aPhilosophical-Theology1 aOldham, J H